Libros rudimental y progresivo para la enseñanza primaria.
Guardado en:
| Autor principal: | |
|---|---|
| Formato: | Libro |
| Lenguaje: | español |
| Publicado: |
México.
Oficina Tipográfica de la Secretaría de Fomento.
1884
|
| Catálogo: | MANES: Resultados de Búsqueda del Catálogo |
| Clasificación de libros de texto: |
|
| Etiquetas: |
Agregar Etiqueta
Sin Etiquetas, Sea el primero en etiquetar este registro!
|
| Añadido a: | 2018-09-27 |
| Cambiado en: | 2019-04-29 |
MARC
| LEADER | 00000nam a2200000 4500 | ||
|---|---|---|---|
| 005 | 20190429105158.0 | ||
| 008 | 180928b xxu||||| |||| 00| 0 spa d | ||
| 040 | |a centro_manes |c universidad_colima | ||
| 100 | |9 22503 |a Ramírez, Ignacio. | ||
| 245 | |a Libros rudimental y progresivo para la enseñanza primaria. | ||
| 260 | |a México. |b Oficina Tipográfica de la Secretaría de Fomento. |c 1884 | ||
| 300 | |a 164 p. |c 18 cm. | ||
| 500 | |a Aparece: Francisco Ziga, "Bibliografía Pedagógica. Libros de texto para enseñanza primaria:1850-1970 V. Libros de Lectura" en Boletín del Instituto de Investigaciones Bibliográficas 1981-1982, Biblioteca Nacional, Hemeroteca Nacional, Universidad Nacional Autónoma de México, Nos. 18 - 19,p. 202. |a Edición hecha expresamente para las escuelas del estado de Chihuahua por disposición del Gobernador del mismo el Gral. Carlos Pacheco. | ||
| 691 | 0 | |a PRI | |
| 690 | 0 | |a EyL | |
| 942 | |2 ddc |c BK | ||
| 999 | |c 52166 |d 52166 | ||
| 999 | |c manes:52166 |d 52166 | ||